Je crois - Peter Pan 2 (Paroles) - Statistiques

Statistiques générales
  • Ce quiz a été pris 100 fois
    99 depuis la dernière actualisation
  • Le résultat moyen est 141 sur 183
Statistiques - réponses
Paroles % Correct
Je
100%
je
100%
crois
94%
ce
93%
de
93%
De
93%
en
93%
suis
93%
à
91%
À
91%
enfin
91%
moi
91%
ne
91%
pour
91%
enfant
89%
fée
89%
pas
89%
plus
89%
une
89%
croire
87%
Et
87%
et
87%
Mais
87%
Pourquoi
87%
poussière
87%
prendre
87%
soin
87%
vois
87%
Ces
85%
ces
85%
fatiguée
85%
histoires
83%
peux
83%
que
83%
Que
83%
grande
81%
naïves
81%
qui
81%
Qui
81%
qu'il
81%
qu'ils
81%
trop
81%
va
81%
voient
81%
Ça
80%
ça
80%
dois
80%
poussières
80%
confiance
78%
dire
78%
j'ai
78%
j'aime
78%
loyauté
78%
croient
76%
moi-même
76%
confiants
74%
restent
74%
ceux
70%
le
65%
la
63%
La
63%
toi
61%
les
59%
Dans
57%
voir
57%
sais
56%
monde
54%
par
54%
cette
50%
armes
48%
foi
48%
Car
46%
maintenant
46%
pu
46%
troublé
46%
flammes
44%
laisser
44%
larmes
44%
parfois
44%
Parfois
44%
voudrais
44%
vous
44%
Avoir
43%
drame
43%
est
43%
fait
43%
ville
43%
voyez
43%
L'univers
41%
peur
41%
abandonnés
39%
notre
37%
Oui
37%
rêves
37%
tremble
37%
pleurs
33%
présent
33%
enchanteurs
30%
sépare
30%
leurs
26%
Aucun quiz correspondant
Distribution des résultats
% des personnes avec chaque résultat
Percentile par nombre de réponses
Votre historique - résultats
Vous n’avez pas pris ce quiz depuis la dernière actualisation